000 00825nam a22002777a 4500
001 BR0704739
003 BR-BrBNA
005 20230928102529.0
007 ta
008 230509b bl.||||| |||| 00| 0 por d
040 _aBR-BrBNA
_bpor
_cBiblioteca Nacional de Agricultura
041 _a(Por)
072 _aL51
_b8951
090 _ 8951 BR0704739
100 1 _aFalzoni, E.A.
110 1 _aDepartamento Nacional da Produção Animal, Rio de Janeiro, GB (Brasil). Div. de Fomento da Produção Animal
245 1 _aPrática de fazer feno
260 3 _aRio de Janeiro, GB (Brasil):
_c1939.
300 _a37 p.
500 _aDocumento microfilmado e tratado BR7318021
650 _aFENO
650 _aNUTRIÇÃO ANIMAL
650 _aINDÚSTRIA ALIMENTÍCIA
909 _a202309
_bLucia
_c55
_dLucia Elande
942 _cBK
999 _c71232
_d71232